000 00363nam a22001577a 4500
003 OSt
008 210914b ||||| |||| 00| 0 eng d
020 _a9789385077920
082 _a973.7092
_bCHC
100 _aCHARNWOOD,Lord
245 _aComplete Biography of Abraham Lincoin
250 _aRep
260 _bVayu
_c2021
300 _a416pg
942 _2ddc
_cBIO
999 _c10909
_d10909